UBT Library

Modern Soviet society / (Record no. 42511)

000 -LEADER
fixed length control field 00683cam a2200253 a 4500
001 - CONTROL NUMBER
control field 2433025
005 - DATE AND TIME OF LATEST TRANSACTION
control field 20180214074515.0
008 - FIXED-LENGTH DATA ELEMENTS--GENERAL INFORMATION
fixed length control field 870306s1983 enka b 001 0 eng c
010 ## - LIBRARY OF CONGRESS CONTROL NUMBER
LC control number 87672391
020 ## - INTERNATIONAL STANDARD BOOK NUMBER
International Standard Book Number 0416747604
020 ## - INTERNATIONAL STANDARD BOOK NUMBER
International Standard Book Number 0416747701 (pbk.)
040 ## - CATALOGING SOURCE
Original cataloging agency MH
Transcribing agency MH
Modifying agency DLC
041 1# - LANGUAGE CODE
Language code of text/sound track or separate title engfre
043 ## - GEOGRAPHIC AREA CODE
Geographic area code e-ur---
080 ## - UNIVERSAL DECIMAL CLASSIFICATION NUMBER
Universal Decimal Classification number 316 KER
082 ## - DEWEY DECIMAL CLASSIFICATION NUMBER
Classification number 316 KER
100 1# - Rafti
Rafti 50
101 ## - Shkurtesa
Shkurtesa SOC
240 10 - UNIFORM TITLE
Uniform title <a href="Société soviétique contemporaine.">Société soviétique contemporaine.</a>
Language of a work English
245 10 - TITLE STATEMENT
Title Modern Soviet society /
Statement of responsibility, etc Basile Kerblay ; translated by Rupert Sawyer.
504 ## - BIBLIOGRAPHY, ETC. NOTE
Bibliography, etc Bibliography: p. [307]-311.
906 ## - LOCAL DATA ELEMENT F, LDF (RLIN)
a 7
b cbc
c orignew
d u
e ncip
f 19
g y-gencatlg
942 ## - ADDED ENTRY ELEMENTS (KOHA)
Source of classification or shelving scheme
Item type Books
Holdings
Withdrawn status Lost status Source of classification or shelving scheme Damaged status Not for loan Collection code Permanent location Current location Shelving location Date acquired Total Checkouts Full call number Barcode Date last seen Price effective from Koha item type
          Koleksioni i përgjithshem UBT - Lipjan UBT - Lipjan Koleksioni i përgjithshem 02/14/2018   316 KER 002-2998215 02/14/2018 02/14/2018 Books
UBT Library © 2015-2024. All rights reserved University Education for Business and Technology